[Event "DEM U12/U12w 2013"]
[Site "Oberhof GER"]
[Date "2013.05.22"]
[Round "7"]
[White "Schnabel, Bennett"]
[Black "Enache, Rares"]
[Result "1-0"]
[Termination "normal"]
[Board "14"]
[WhiteElo "1708"]
[BlackElo "1628"]
[PlyCount "71"]
[WhiteFideId "12943290"]
[BlackFideId "12976440"]
[EventCountry "GER"]
[EventRounds "11"]
[EventType "swiss"]
[EventDate "2013.05.18"]

1. d4 Nf6 2. Nd2 e6 3. Ngf3 d5 4. e3 Bb4 5. c3 Be7 6. Bd3 c5 7. O-O O-O 8. dxc5
Bxc5 9. e4 Re8 10. e5 Nfd7 11. Nb3 h6 12. Nxc5 Nxc5 13. Bb1 Nc6 14. Re1 f5 15.
exf6 Qxf6 16. Be3 Na6 17. Qc2 e5 18. a3 Bg4 19. Nd2 d4 20. Ne4 Qe7 21. Bd2 Rad8
22. b3 d3 23. Qc1 Be6 24. Re3 Na5 25. Rg3 Nxb3 26. Qd1 Kh8 27. Bxh6 gxh6 28.
Qh5 Bg8 29. Qxh6+ Bh7 30. Bxd3 Rxd3 31. Rxd3 Nxa1 32. Nf6 Nc5 33. Rg3 Ne6 34.
Nxe8 Nb3 35. Nf6 Qf7 36. Rg8+ 1-0

[Event "DEM U12/U12w 2013"]
[Site "Oberhof GER"]
[Date "2013.05.22"]
[Round "7"]
[White "Meyling, Lennart"]
[Black "Laubrock, Paul"]
[Result "1/2-1/2"]
[Termination "normal"]
[Board "15"]
[WhiteElo "1628"]
[BlackElo "1671"]
[PlyCount "105"]
[WhiteFideId "12947130"]
[BlackFideId "1270509"]
[EventCountry "GER"]
[EventRounds "11"]
[EventType "swiss"]
[EventDate "2013.05.18"]

1. d4 Nf6 2. c4 e6 3. Nc3 d5 4. e3 Nbd7 5. Nf3 c6 6. Bd3 Bd6 7. O-O O-O 8. a3
dxc4 9. Bxc4 e5 10. e4 Qc7 11. h3 exd4 12. Nxd4 Ne5 13. Bb3 Rd8 14. Be3 Bc5 15.
f4 Ng6 16. e5 Nxe5 17. fxe5 Qxe5 18. Re1 Bxd4 19. Bxd4 Qxd4+ 20. Qxd4 Rxd4 21.
Re7 Rd7 22. Bxf7+ Kf8 23. Rxd7 Bxd7 24. Bb3 Re8 25. Rd1 Bf5 26. g4 Bg6 27. g5
Ne4 28. Rf1+ Ke7 29. Nxe4 Bxe4 30. Rf7+ Kd6 31. Rxb7 Re7 32. Rb4 Bf5 33. Rd4+
Kc7 34. Rh4 Re3 35. Bg8 Rxh3 36. Rxh3 Bxh3 37. Bxh7 Kd6 38. b4 Ke5 39. Bg6 Bd7
40. Bf7 Kf5 41. g6 Ke4 42. Kf2 Kd4 43. Kf3 Kc3 44. Ke4 Kb2 45. Ke5 Kxa3 46. Kd6
Bf5 47. Kxc6 Kxb4 48. Kd6 a5 49. Ke7 a4 50. Kf8 a3 51. Kxg7 Kc3 52. Kf6 Bxg6
53. Kxg6 1/2-1/2

[Event "DEM U12/U12w 2013"]
[Site "Oberhof GER"]
[Date "2013.05.22"]
[Round "7"]
[White "Weber, Samuel"]
[Black "Ewert, Hannes"]
[Result "1-0"]
[Termination "normal"]
[Board "16"]
[WhiteElo "1703"]
[BlackElo "1678"]
[PlyCount "105"]
[WhiteFideId "12924008"]
[BlackFideId "12961574"]
[EventCountry "GER"]
[EventRounds "11"]
[EventType "swiss"]
[EventDate "2013.05.18"]

1. e4 d6 2. d4 Nf6 3. Nc3 e5 4. f4 exd4 5. Qxd4 Be7 6. Bc4 O-O 7. Nf3 Nc6 8.
Qf2 Ng4 9. Qe2 Re8 10. Bd2 Bf6 11. O-O-O g6 12. h3 Nh6 13. g4 Bg7 14. Rhe1 Be6
15. g5 Nf5 16. exf5 Bxf5 17. Qxe8+ Qxe8 18. Rxe8+ Rxe8 19. Nd5 Bxh3 20. Nxc7
Rc8 21. Nb5 Bg4 22. Rf1 Rd8 23. Bc3 Bf8 24. Bf6 Rc8 25. Nc3 Nb4 26. Bd5 Rxc3
27. Bxf7+ Kxf7 28. bxc3 Nd5 29. Bd4 b6 30. Nd2 Bf5 31. Nc4 Ke6 32. Rh1 Nxf4 33.
Rxh7 Nh3 34. Rxa7 Nxg5 35. Nxb6 Nf3 36. Bf2 Bh6+ 37. Kb2 g5 38. a4 g4 39. Ra8
Bf4 40. a5 g3 41. Bxg3 Bxg3 42. a6 Kf7 43. a7 Be4 44. Kb3 Bxa8 45. Nxa8 Nd2+
46. Kb4 Bf2 47. Nb6 Bc5+ 48. Kb5 Bxb6 49. Kxb6 Nc4+ 50. Kb5 Na3+ 51. Ka4 Nc4
52. Kb5 Na3+ 53. Kc6 1-0

[Event "DEM U12/U12w 2013"]
[Site "Oberhof GER"]
[Date "2013.05.22"]
[Round "7"]
[White "Vuckovic, Zarko"]
[Black "Schirra, Maurice"]
[Result "1-0"]
[Termination "normal"]
[Board "17"]
[WhiteElo "1722"]
[BlackElo "1656"]
[PlyCount "67"]
[WhiteFideId "12952087"]
[BlackFideId "12941115"]
[EventCountry "GER"]
[EventRounds "11"]
[EventType "swiss"]
[EventDate "2013.05.18"]

1. e4 e5 2. Bc4 Nf6 3. d4 exd4 4. Nf3 Nc6 5. e5 d5 6. Bb5 Ne4 7. Nxd4 Bd7 8.
Bxc6 Bxc6 9. Nxc6 bxc6 10. O-O Bc5 11. Qg4 g6 12. Nd2 Nxd2 13. Bxd2 O-O 14. b4
Be7 15. f4 Qc8 16. f5 Re8 17. Qg3 Bf8 18. Rae1 Bg7 19. f6 Bf8 20. Qh4 Rb8 21.
a3 c5 22. Bh6 Re6 23. Rf3 Bxh6 24. Qxh6 Qf8 25. Qh4 cxb4 26. Ree3 h6 27. Rh3
Kh7 28. Qg5 bxa3 29. Rxa3 Qc5+ 30. Rae3 Rb1+ 31. Kf2 Qxc2+ 32. Kg3 h5 33. Rxh5+
gxh5 34. Qg7# 1-0

[Event "DEM U12/U12w 2013"]
[Site "Oberhof GER"]
[Date "2013.05.22"]
[Round "7"]
[White "Wübker, Paul-Luca"]
[Black "Simon, Tim"]
[Result "0-1"]
[Termination "normal"]
[Board "18"]
[WhiteElo "1479"]
[BlackElo "1640"]
[PlyCount "78"]
[WhiteFideId "12939528"]
[BlackFideId "12971740"]
[EventCountry "GER"]
[EventRounds "11"]
[EventType "swiss"]
[EventDate "2013.05.18"]

1. d4 Nf6 2. c4 g6 3. Nc3 d5 4. cxd5 Nxd5 5. e4 Nxc3 6. bxc3 Bg7 7. Bc4 c5 8.
Ne2 Nc6 9. Be3 cxd4 10. cxd4 Qa5+ 11. Bd2 Qa3 12. Bc3 e5 13. d5 Nd4 14. Qd2
Nxe2 15. Bxe2 Qa4 16. O-O O-O 17. Rab1 Qxe4 18. f3 Qh4 19. Qe3 Qd8 20. Bc4 b6
21. Bb3 Qd6 22. Qe4 Qc5+ 23. Kh1 Qxc3 24. Rbc1 Qd4 25. Qe2 Qb4 26. Rfd1 Rd8 27.
d6 Rxd6 28. Rxd6 Qxd6 29. Qc4 Be6 30. Qe4 Re8 31. Qa4 Rd8 32. Rd1 Qc7 33. Rxd8+
Qxd8 34. Bxe6 fxe6 35. Qb3 Qd5 36. Qa4 b5 37. Qc2 Bf8 38. h3 Bc5 39. Qc1 Qd4
0-1

[Event "DEM U12/U12w 2013"]
[Site "Oberhof GER"]
[Date "2013.05.22"]
[Round "7"]
[White "Alekhanov, Jannis"]
[Black "Schulze, Lara"]
[Result "1/2-1/2"]
[Termination "normal"]
[Board "19"]
[WhiteElo "1675"]
[BlackElo "1839"]
[PlyCount "147"]
[WhiteFideId "12921238"]
[BlackFideId "12956830"]
[EventCountry "GER"]
[EventRounds "11"]
[EventType "swiss"]
[EventDate "2013.05.18"]

1. e4 e6 2. d4 d5 3. Nc3 Nf6 4. Bg5 Be7 5. e5 Nfd7 6. Bxe7 Qxe7 7. f4 a6 8. Nf3
c5 9. Be2 Nc6 10. O-O cxd4 11. Nb1 Qc5 12. Kh1 Qb6 13. b3 O-O 14. a3 Re8 15. b4
Nf8 16. Nbd2 Ng6 17. g3 Nge7 18. Bd3 Bd7 19. Nb3 h6 20. Nfxd4 Kh8 21. Nxc6 Bxc6
22. Na5 Bb5 23. Nb3 Nf5 24. Bxb5 Qxb5 25. Qd3 Qc6 26. Na5 Qc7 27. Rac1 Rec8 28.
g4 Ne7 29. Rf3 b6 30. Nb3 Qc4 31. Nd2 Qxd3 32. Rxd3 Rc7 33. c4 dxc4 34. Rxc4
Rxc4 35. Nxc4 Nd5 36. f5 Rc8 37. Nd6 Rc1+ 38. Kg2 Nf4+ 39. Kf3 Nxd3 40. Nxf7+
Kg8 41. fxe6 Rc7 42. Ke4 Nf2+ 43. Kd5 Kf8 44. Kd6 Re7 45. Nh8 Ne4+ 46. Kd5 Nc3+
47. Kd6 Nb5+ 48. Kd5 Nc7+ 49. Kd6 Rxe6+ 50. Kxc7 Kg8 51. Kd7 Rxe5 52. Ng6 Rg5
53. Ne7+ Kf7 54. Nc6 Kf6 55. Kc7 Rxg4 56. Kxb6 Rh4 57. Kxa6 Rxh2 58. b5 Ra2 59.
b6 Rxa3+ 60. Kb5 Ra8 61. b7 Re8 62. b8=Q Rxb8+ 63. Nxb8 g5 64. Kc4 Kf5 65. Kd3
Kf4 66. Ke2 h5 67. Kf2 h4 68. Nc6 g4 69. Nd4 g3+ 70. Kg2 Kg4 71. Ne2 h3+ 72.
Kg1 g2 73. Kh2 Kf3 74. Ng1+ 1/2-1/2

[Event "DEM U12/U12w 2013"]
[Site "Oberhof GER"]
[Date "2013.05.22"]
[Round "7"]
[White "Riedel, Erich"]
[Black "Perekhozhuk, Maksym"]
[Result "1/2-1/2"]
[Termination "normal"]
[Board "20"]
[WhiteElo "1767"]
[BlackElo "1749"]
[PlyCount "47"]
[WhiteFideId "12958646"]
[BlackFideId "12914860"]
[EventCountry "GER"]
[EventRounds "11"]
[EventType "swiss"]
[EventDate "2013.05.18"]

1. e4 c5 2. Nf3 d6 3. d4 cxd4 4. Nxd4 Nf6 5. Nc3 g6 6. Be3 Bg7 7. f3 O-O 8. Qd2
Nc6 9. O-O-O d5 10. Kb1 Nxd4 11. e5 Nxf3 12. gxf3 Nh5 13. Nxd5 Be6 14. f4 Rc8
15. Be2 Bf5 16. Nc3 Qc7 17. Rhg1 h6 18. Bxh5 gxh5 19. Qg2 Bg6 20. f5 Qxe5 21.
Rd5 Qxe3 22. fxg6 Qe6 23. gxf7+ Rxf7 24. Rxh5 1/2-1/2

[Event "DEM U12/U12w 2013"]
[Site "Oberhof GER"]
[Date "2013.05.22"]
[Round "7"]
[White "Weller, Uli"]
[Black "Reimann, Sebastian"]
[Result "1/2-1/2"]
[Termination "normal"]
[Board "21"]
[WhiteElo "1501"]
[BlackElo "1629"]
[PlyCount "49"]
[WhiteFideId "12971782"]
[BlackFideId "12928054"]
[EventCountry "GER"]
[EventRounds "11"]
[EventType "swiss"]
[EventDate "2013.05.18"]

1. e4 e5 2. Bc4 Nc6 3. Nf3 Bc5 4. c3 Nf6 5. d3 h6 6. b4 Bb6 7. Qb3 Qe7 8. a4 a6
9. Be3 Bxe3 10. fxe3 d6 11. h3 Be6 12. Bxe6 Qxe6 13. Nbd2 Qxb3 14. Nxb3 O-O 15.
O-O Rfe8 16. b5 Ne7 17. c4 b6 18. Nbd2 a5 19. Rae1 Ng6 20. g3 Nd7 21. d4 Re7
22. Rf2 Rae8 23. Rfe2 exd4 24. exd4 Kf8 25. Kf1 1/2-1/2

[Event "DEM U12/U12w 2013"]
[Site "Oberhof GER"]
[Date "2013.05.22"]
[Round "7"]
[White "Müller, Elias"]
[Black "Reinecke, Katharina"]
[Result "1/2-1/2"]
[Termination "normal"]
[Board "22"]
[WhiteElo "1674"]
[BlackElo "1608"]
[PlyCount "71"]
[WhiteFideId "12917133"]
[BlackFideId "12929727"]
[EventCountry "GER"]
[EventRounds "11"]
[EventType "swiss"]
[EventDate "2013.05.18"]

1. e4 c6 2. Nf3 d5 3. d3 dxe4 4. Ng5 Nf6 5. Nxe4 Nxe4 6. dxe4 Qxd1+ 7. Kxd1 e5
8. Bc4 Bc5 9. Ke2 O-O 10. Be3 Bxe3 11. Kxe3 Nd7 12. Nc3 Re8 13. Rad1 Nf8 14.
Rhf1 Be6 15. Bxe6 Nxe6 16. Ne2 Rad8 17. c3 Rxd1 18. Rxd1 Kf8 19. g3 g6 20. f4
f6 21. f5 gxf5 22. exf5 Rd8 23. Rxd8+ Nxd8 24. g4 Nf7 25. Ng3 Nd6 26. Kd3 Kf7
27. Ne4 Nxe4 28. Kxe4 h6 29. h4 b6 30. c4 a5 31. a4 Ke7 32. g5 hxg5 33. hxg5
fxg5 34. Kxe5 Kf7 35. Kd4 g4 36. Ke4 1/2-1/2

[Event "DEM U12/U12w 2013"]
[Site "Oberhof GER"]
[Date "2013.05.22"]
[Round "7"]
[White "Forster, Lukas"]
[Black "Mantel, Ruben"]
[Result "0-1"]
[Termination "normal"]
[Board "23"]
[WhiteElo "1494"]
[BlackElo "1667"]
[PlyCount "43"]
[WhiteFideId "12971790"]
[BlackFideId "12930121"]
[EventCountry "GER"]
[EventRounds "11"]
[EventType "swiss"]
[EventDate "2013.05.18"]

1. e4 e6 2. d4 d5 3. Nc3 Bb4 4. e5 c5 5. a3 Ba5 6. Qg4 Ne7 7. Qxg7 Rg8 8. Qxh7
cxd4 9. b4 dxc3 10. bxa5 Nbc6 11. f4 Qxa5 12. Nf3 Bd7 13. Qd3 Nb4 14. Qd1 Nf5
15. g3 d4 16. Bd3 Nxd3+ 17. Qxd3 Bb5 18. Qd1 O-O-O 19. Kf2 d3 20. cxd3 Rxd3 21.
Qc2 Rxf3+ 22. Kg2 0-1

[Event "DEM U12/U12w 2013"]
[Site "Oberhof GER"]
[Date "2013.05.22"]
[Round "7"]
[White "Ott, Josef Sebastian"]
[Black "Heldt, Nils-Lennart"]
[Result "1-0"]
[Termination "normal"]
[Board "24"]
[WhiteElo "1600"]
[BlackElo "1499"]
[PlyCount "89"]
[WhiteFideId "12952079"]
[BlackFideId "12952109"]
[EventCountry "GER"]
[EventRounds "11"]
[EventType "swiss"]
[EventDate "2013.05.18"]

1. e4 e5 2. Nf3 Nc6 3. Bc4 Bc5 4. c3 Nf6 5. d3 a6 6. Nbd2 d6 7. Bb3 Ba7 8. Nf1
O-O 9. Ng3 h6 10. O-O Re8 11. h3 Be6 12. Re1 d5 13. Qe2 dxe4 14. dxe4 Bxb3 15.
axb3 Qd7 16. Be3 Bxe3 17. Qxe3 Qe6 18. b4 Rad8 19. Rad1 Rd7 20. Rxd7 Qxd7 21.
Nf5 Rd8 22. Kh2 Qe6 23. Re2 Ne7 24. Nxe7+ Qxe7 25. Qa7 c6 26. Qb6 Rd7 27. Qa5
Rd6 28. Qxe5 Re6 29. Qb8+ Kh7 30. e5 Nd5 31. Qa7 Nf4 32. Re4 Ng6 33. Qc5 Qc7
34. Qe3 f6 35. g3 Nxe5 36. Nd4 Rd6 37. f4 Nc4 38. Qe2 Nb6 39. Re7 Rd7 40. Qe4+
Kg8 41. Re8+ Kf7 42. Qe6+ Kg6 43. f5+ Kh5 44. Qe2+ Kg5 45. Qg4# 1-0

[Event "DEM U12/U12w 2013"]
[Site "Oberhof GER"]
[Date "2013.05.22"]
[Round "7"]
[White "Kölz, Niklas"]
[Black "Fesselier, Chelsea"]
[Result "1-0"]
[Termination "normal"]
[Board "25"]
[WhiteElo "1629"]
[BlackElo "1416"]
[PlyCount "83"]
[WhiteFideId "12971758"]
[BlackFideId "26024624"]
[EventCountry "GER"]
[EventRounds "11"]
[EventType "swiss"]
[EventDate "2013.05.18"]

1. e4 c5 2. Nf3 e6 3. d4 cxd4 4. Nxd4 Nc6 5. Nc3 Qc7 6. Be3 a6 7. Qd2 d6 8. f3
Nf6 9. O-O-O Be7 10. g4 O-O 11. h4 b5 12. g5 Ne8 13. Bh3 Nxd4 14. Bxd4 Qc6 15.
h5 b4 16. Ne2 e5 17. Be3 Bxh3 18. Rxh3 Rc8 19. Kb1 a5 20. c3 bxc3 21. Nxc3 Nc7
22. Rg1 Qd7 23. Rh2 Ne6 24. Nd5 Bd8 25. f4 exf4 26. Bxf4 Nxf4 27. Qxf4 Qe6 28.
Rd2 Rc6 29. Rgd1 Re8 30. Nc3 Bc7 31. Rd5 Re7 32. R1d4 Bb6 33. Rd1 Bc5 34. Na4
h6 35. Nxc5 dxc5 36. Rd8+ Kh7 37. R1d6 Rxd6 38. Rxd6 Qxe4+ 39. Qxe4+ Rxe4 40.
g6+ fxg6 41. hxg6+ Kg8 42. Rd8+ 1-0

[Event "DEM U12/U12w 2013"]
[Site "Oberhof GER"]
[Date "2013.05.22"]
[Round "7"]
[White "Biastoch, Bennet"]
[Black "Cejda, Cecilia"]
[Result "1-0"]
[Termination "normal"]
[Board "26"]
[WhiteElo "1676"]
[BlackElo "1335"]
[PlyCount "119"]
[WhiteFideId "12939889"]
[BlackFideId "12921122"]
[EventCountry "GER"]
[EventRounds "11"]
[EventType "swiss"]
[EventDate "2013.05.18"]

1. e4 c5 2. Nf3 d6 3. d4 cxd4 4. Nxd4 Nf6 5. Nc3 a6 6. f3 e6 7. Be3 b5 8. Qd2
Nbd7 9. O-O-O Nb6 10. g4 Nfd7 11. h4 Ne5 12. Qf2 Nec4 13. Bg5 f6 14. Bd2 Nxd2
15. Qxd2 Be7 16. f4 Qc7 17. g5 e5 18. fxe5 fxe5 19. Nf5 Bxf5 20. exf5 O-O-O 21.
Bh3 Kb8 22. Rhf1 d5 23. Qg2 d4 24. Ne4 Nc4 25. f6 gxf6 26. gxf6 Bf8 27. Ng5 Bh6
28. Kb1 Bxg5 29. hxg5 Ne3 30. Qe4 Nxd1 31. Rxd1 Rhg8 32. Bg2 Ka7 33. Qf5 Qd7
34. Qxe5 Qd6 35. Qf5 Qc7 36. Re1 Rd7 37. Bd5 Rgd8 38. Be6 Rd6 39. f7 Rf8 40.
Qxh7 Rxe6 41. Rxe6 Rxf7 42. Qh1 Qc4 43. Rf6 Rc7 44. Qg2 d3 45. Qf2+ Kb8 46.
Rf8+ Kb7 47. Qf3+ Kb6 48. Qxd3 Qc5 49. Rf6+ Ka7 50. g6 Rg7 51. a3 Qg1+ 52. Ka2
Qg5 53. Rf7+ Rxf7 54. gxf7 Qf6 55. Qd5 Qe7 56. Qd4+ Kb7 57. Qg7 Qe6+ 58. b3 Qe7
59. f8=Q Qxg7 60. Qxg7+ 1-0

[Event "DEM U12/U12w 2013"]
[Site "Oberhof GER"]
[Date "2013.05.22"]
[Round "7"]
[White "Flach, Helene"]
[Black "Rieß, Alexander"]
[Result "0-1"]
[Termination "normal"]
[Board "27"]
[WhiteElo "1272"]
[BlackElo "1605"]
[PlyCount "58"]
[WhiteFideId "12929735"]
[BlackFideId "12953326"]
[EventCountry "GER"]
[EventRounds "11"]
[EventType "swiss"]
[EventDate "2013.05.18"]

1. e4 c5 2. Nf3 e6 3. d4 cxd4 4. Nxd4 a6 5. Bd3 Bc5 6. Nb3 Be7 7. c4 Qc7 8. Nc3
d6 9. Be3 Nd7 10. Qe2 Ngf6 11. Rc1 b6 12. O-O Bb7 13. f3 O-O 14. Rfd1 Rac8 15.
Qf2 Kh8 16. Bf1 Rg8 17. Qd2 Qb8 18. Qf2 Bd8 19. Bf4 Ne8 20. Be3 Bc7 21. Kh1
Nef6 22. g3 Rgd8 23. Na4 Bc6 24. Nc3 Qa8 25. Qd2 Ne5 26. Be2 d5 27. cxd5 exd5
28. exd5 Nxd5 29. Nxd5 Bxd5 0-1

[Event "DEM U12/U12w 2013"]
[Site "Oberhof GER"]
[Date "2013.05.22"]
[Round "7"]
[White "Steffens, Oliver"]
[Black "Fromm, Katja"]
[Result "1/2-1/2"]
[Termination "normal"]
[Board "28"]
[WhiteElo "1432"]
[BlackElo "1546"]
[PlyCount "78"]
[WhiteFideId "12947148"]
[BlackFideId "12929409"]
[EventCountry "GER"]
[EventRounds "11"]
[EventType "swiss"]
[EventDate "2013.05.18"]

1. e4 c5 2. Nf3 Nc6 3. Bb5 d6 4. O-O Bd7 5. Re1 g6 6. c3 a6 7. Bf1 Bg7 8. d4
Qc7 9. Be3 cxd4 10. cxd4 Nf6 11. Nc3 O-O 12. Rc1 Rac8 13. Nd5 Qd8 14. Bg5 h6
15. Nxf6+ exf6 16. Bf4 Bg4 17. h3 Bxf3 18. gxf3 Re8 19. Qd2 Kh7 20. Be3 Qd7 21.
Bg2 f5 22. exf5 Qxf5 23. f4 Qf6 24. Bxc6 bxc6 25. Qa5 c5 26. dxc5 dxc5 27. Rxc5
Qxb2 28. Rxc8 Rxc8 29. Qxa6 Rc2 30. a4 Bd4 31. Qd3 Bxe3 32. Qxe3 Qa2 33. Qa7
Rb2 34. Re7 Rb1+ 35. Kh2 g5 36. Rxf7+ Kg6 37. f5+ Kh5 38. Qd4 Rb4 39. Qxb4
Qxf2+ 1/2-1/2

[Event "DEM U12/U12w 2013"]
[Site "Oberhof GER"]
[Date "2013.05.22"]
[Round "7"]
[White "Shoipov, Dennie"]
[Black "Rosenhain, Rachela"]
[Result "1-0"]
[Termination "normal"]
[Board "29"]
[WhiteElo "1816"]
[BlackElo "1335"]
[PlyCount "93"]
[WhiteFideId "14137755"]
[BlackFideId "12957615"]
[EventCountry "GER"]
[EventRounds "11"]
[EventType "swiss"]
[EventDate "2013.05.18"]

1. e4 e5 2. Nf3 Nc6 3. Bc4 Nf6 4. d3 Be7 5. c3 O-O 6. O-O Na5 7. Nbd2 Nxc4 8.
Nxc4 d6 9. h3 Be6 10. Ncd2 Nd7 11. Re1 f5 12. exf5 Bxf5 13. Ne4 Rb8 14. Ng3 Bg6
15. d4 exd4 16. Nxd4 Bf7 17. Ngf5 Bf6 18. Qg4 Ne5 19. Qg3 Ng6 20. Bd2 Qd7 21.
h4 c5 22. h5 cxd4 23. hxg6 Qxf5 24. gxf7+ Rxf7 25. cxd4 Bxd4 26. Be3 Be5 27.
Qh4 a6 28. Rab1 Rf6 29. Rec1 Rg6 30. Qc4+ Kf8 31. Qc7 Re8 32. Qxb7 Qh3 33. Qd5
Qh2+ 34. Kf1 Qh1+ 35. Ke2 Qxg2 36. Qb3 Qe4 37. Rc7 Rf6 38. Rg1 Rf5 39. Qb7 Qxb7
40. Rxb7 d5 41. Kd1 g6 42. Rxh7 Bxb2 43. Rxg6 Rc8 44. Bh6+ Bg7 45. Rgxg7 Ke8
46. Rg8+ Rf8 47. Rxf8# 1-0

[Event "DEM U12/U12w 2013"]
[Site "Oberhof GER"]
[Date "2013.05.22"]
[Round "7"]
[White "Wurst, Maximilian"]
[Black "Wiesner, Alexander"]
[Result "0-1"]
[Termination "normal"]
[Board "30"]
[WhiteElo "1332"]
[BlackElo "1658"]
[PlyCount "36"]
[WhiteFideId "12971812"]
[BlackFideId "12943991"]
[EventCountry "GER"]
[EventRounds "11"]
[EventType "swiss"]
[EventDate "2013.05.18"]

1. e4 e6 2. d4 d5 3. e5 c5 4. c3 Qb6 5. a3 Nc6 6. Nf3 Nge7 7. b4 cxd4 8. cxd4
Nf5 9. Be3 Bd7 10. Be2 Be7 11. Nc3 Nxe3 12. fxe3 Nxb4 13. axb4 Bxb4 14. Rc1 Rc8
15. Qb3 Qa5 16. Kd2 O-O 17. Rc2 Ba4 18. Qa2 Bxc3+ 0-1

[Event "DEM U12/U12w 2013"]
[Site "Oberhof GER"]
[Date "2013.05.22"]
[Round "7"]
[White "Wolf, Pablo"]
[Black "Poetsch, Leonore"]
[Result "1/2-1/2"]
[Termination "normal"]
[Board "31"]
[WhiteElo "1506"]
[BlackElo "1468"]
[PlyCount "54"]
[WhiteFideId "12943894"]
[BlackFideId "12940372"]
[EventCountry "GER"]
[EventRounds "11"]
[EventType "swiss"]
[EventDate "2013.05.18"]

1. e4 e6 2. d3 d5 3. Nd2 Nf6 4. Ngf3 c5 5. g3 Nc6 6. Bg2 Be7 7. O-O O-O 8. Re1
Rb8 9. e5 Nd7 10. Nf1 f6 11. exf6 Nxf6 12. Qe2 Bd6 13. Be3 e5 14. Rad1 Bg4 15.
h3 Bf5 16. Bg5 Qd7 17. g4 Be6 18. Bxf6 Rxf6 19. Ng5 Nd4 20. Qd2 Rbf8 21. Nxe6
Qxe6 22. Ne3 Nf3+ 23. Bxf3 Rxf3 24. Kg2 Qg6 25. Qe2 h5 26. Qxf3 Rxf3 27. Kxf3
e4+ 1/2-1/2

[Event "DEM U12/U12w 2013"]
[Site "Oberhof GER"]
[Date "2013.05.22"]
[Round "7"]
[White "Engel, Johann"]
[Black "Nguyen, Ha Thanh"]
[Result "1-0"]
[Termination "normal"]
[Board "32"]
[WhiteElo "1650"]
[BlackElo "1570"]
[PlyCount "111"]
[WhiteFideId "12920509"]
[BlackFideId "12942154"]
[EventCountry "GER"]
[EventRounds "11"]
[EventType "swiss"]
[EventDate "2013.05.18"]

1. d4 d5 2. c4 e6 3. Nc3 f5 4. Bf4 Nf6 5. e3 c6 6. Nf3 Be7 7. Be2 O-O 8. O-O
Ne4 9. Rc1 Nd7 10. Qc2 h6 11. Ne5 Qe8 12. Qd1 Nxe5 13. Bxe5 Bd7 14. Bh5 Qd8 15.
Ne2 g5 16. Nc3 Be8 17. Nxe4 dxe4 18. Bxe8 Qxe8 19. d5 Rd8 20. d6 Bf6 21. Bxf6
Rxf6 22. c5 e5 23. Qb3+ Qf7 24. Rc3 Qxb3 25. axb3 b6 26. b4 bxc5 27. bxc5 Rb8
28. b3 Rff8 29. Ra1 Rb7 30. Ra6 Rc8 31. g3 Kf7 32. Kf1 Ke6 33. Ke2 Kd5 34. Ra1
Rd8 35. Kd2 Ra8 36. Kc2 a5 37. Rc4 Raa7 38. Kc3 Rd7 39. Rd1+ Ke6 40. Ra4 Ra6
41. Kc4 Rb7 42. Rda1 Rb5 43. b4 Kd7 44. Rxa5 Raxa5 45. Rxa5 Rb7 46. Ra8 Ke6 47.
Re8+ Kf6 48. Rc8 Ke6 49. Rxc6 Kd7 50. Rc7+ Rxc7 51. dxc7 Kxc7 52. Kd5 Kd7 53.
Kxe5 Kc6 54. Kxf5 Kb5 55. Kxe4 Kxb4 56. c6 1-0

[Event "DEM U12/U12w 2013"]
[Site "Oberhof GER"]
[Date "2013.05.22"]
[Round "7"]
[White "Voß, Henrike"]
[Black "Liebeck, Eddie"]
[Result "0-1"]
[Termination "normal"]
[Board "33"]
[WhiteElo "1063"]
[BlackElo "1726"]
[PlyCount "104"]
[WhiteFideId "12971910"]
[BlackFideId "12945854"]
[EventCountry "GER"]
[EventRounds "11"]
[EventType "swiss"]
[EventDate "2013.05.18"]

1. e4 c6 2. d4 d5 3. exd5 cxd5 4. Bd3 Nc6 5. c3 Nf6 6. Bf4 Bg4 7. Qb3 Qd7 8.
Nd2 e6 9. Ngf3 Be7 10. h3 Bh5 11. O-O Bg6 12. Qc2 Rc8 13. a3 Bd6 14. Bxd6 Qxd6
15. Rae1 Bxd3 16. Qxd3 O-O 17. Ne5 Nd7 18. Ndf3 Ncxe5 19. Nxe5 Nxe5 20. Rxe5
Qb6 21. Rb1 Qb3 22. Rh5 g6 23. Re5 a5 24. Re2 Rc4 25. Qc2 Qxc2 26. Rxc2 Rfc8
27. Rbc1 b5 28. b3 R4c6 29. Kf1 b4 30. axb4 axb4 31. c4 dxc4 32. Rxc4 Rxc4 33.
bxc4 b3 34. c5 Kf8 35. Rb1 Rd8 36. Rxb3 Rxd4 37. Rc3 Ke7 38. Ke2 Rd5 39. c6 Kd8
40. Rd3 Kc7 41. Rxd5 exd5 42. Kd3 Kxc6 43. Kd4 Kd6 44. f4 h5 45. g3 f6 46. g4
hxg4 47. hxg4 g5 48. f5 Kc6 49. Kd3 Kc5 50. Kc3 d4+ 51. Kd3 Kd5 52. Kd2 Ke4 0-1

[Event "DEM U12/U12w 2013"]
[Site "Oberhof GER"]
[Date "2013.05.22"]
[Round "7"]
[White "Wendler, David"]
[Black "Riegel, Arinna"]
[Result "1/2-1/2"]
[Termination "normal"]
[Board "34"]
[WhiteElo "1548"]
[BlackElo "1306"]
[PlyCount "46"]
[WhiteFideId "12938360"]
[BlackFideId "12931446"]
[EventCountry "GER"]
[EventRounds "11"]
[EventType "swiss"]
[EventDate "2013.05.18"]

1. e4 d5 2. exd5 Qxd5 3. Nc3 Qa5 4. d4 Nf6 5. Bd2 Qb6 6. Bc1 c6 7. Bc4 Bf5 8.
Nge2 e6 9. O-O Bd6 10. Bb3 O-O 11. Bf4 Qc7 12. Bxd6 Qxd6 13. Qd2 Nbd7 14. Rad1
Rad8 15. Qc1 Rfe8 16. f3 Nb6 17. Ng3 Bg6 18. Nge4 Nxe4 19. fxe4 e5 20. d5 cxd5
21. exd5 Qc5+ 22. Kh1 Rd6 23. Rd2 a6 1/2-1/2

[Event "DEM U12/U12w 2013"]
[Site "Oberhof GER"]
[Date "2013.05.22"]
[Round "7"]
[White "Ehmann, Johanna"]
[Black "Möller, Lisa-Marie"]
[Result "0-1"]
[Termination "normal"]
[Board "35"]
[WhiteElo "1350"]
[BlackElo "1492"]
[PlyCount "132"]
[WhiteFideId "12953130"]
[BlackFideId "12959367"]
[EventCountry "GER"]
[EventRounds "11"]
[EventType "swiss"]
[EventDate "2013.05.18"]

1. e4 c5 2. Nf3 a6 3. c4 e6 4. d4 cxd4 5. Nxd4 Nf6 6. Nc3 Qc7 7. f3 Be7 8. Be3
O-O 9. Qd2 d6 10. Be2 Nbd7 11. O-O b6 12. Rac1 Bb7 13. b4 Rac8 14. b5 a5 15.
Nb3 Rfd8 16. Rfd1 Nc5 17. Nxc5 dxc5 18. Qe1 Bd6 19. Qh4 Be5 20. Rd3 Rxd3 21.
Bxd3 Rd8 22. Be2 Bd4 23. Nd1 Bxe3+ 24. Nxe3 Rd2 25. Rc2 Rxc2 26. Nxc2 Qd6 27.
Qe1 Kf8 28. Qd1 Qc7 29. g3 Ke7 30. Kf2 Qe5 31. Qa1 Qh5 32. h4 Qh6 33. Qd1 Nd7
34. Ne3 Qf6 35. Qd2 Qd4 36. Qxd4 cxd4 37. Nc2 e5 38. Bd3 Nc5 39. Ke2 Kd6 40.
Na3 Na4 41. Nb1 Kc5 42. Kd2 Nb2 43. Na3 Bc8 44. g4 Be6 45. Kc2 Nxc4 46. Bxc4
Bxc4 47. Nxc4 Kxc4 48. a4 Kb4 49. Kd3 Kxa4 50. Kc4 Ka3 51. g5 Kb2 52. h5 Kc2
53. g6 hxg6 54. hxg6 f6 55. Kd5 d3 56. Kc6 d2 57. Kxb6 d1=Q 58. Ka6 a4 59. b6
Qb1 60. b7 a3 61. f4 exf4 62. e5 a2 63. Ka7 a1=Q+ 64. Kb8 Qxe5+ 65. Ka7 Qc7 66.
Ka6 Qbb6# 0-1